header

Retrain your business brain (Record no. 75045)

MARC details
000 -LEADER
fixed length control field 01665nam a22003854a 4500
082 04 - DEWEY DECIMAL CLASSIFICATION NUMBER
Classification number 650.1
100 1# - MAIN ENTRY--AUTHOR NAME
Personal name Markus, Donalee,
245 10 - TITLE STATEMENT
Title Retrain your business brain
260 ## - PUBLICATION, DISTRIBUTION, ETC. (IMPRINT)
Place of publication Chicago :
Name of publisher Dearborn Trade Pub.,
Year of publication c2003.
300 ## - PHYSICAL DESCRIPTION
Number of Pages xxi, 265 p., 8 p. of plates :
Other physical details ill.
500 ## - GENERAL NOTE
General note Includes index.
505 0# - FORMATTED CONTENTS NOTE
Formatted contents note Working smarter, not harder -- Diagnosing thinking types -- Mediation -- Analogies -- Progressions -- Part/whole relationships -- Mistakes -- Verbal -- Connecting the dots -- Categories -- Decoding a system -- Getting the results you want.
650 #0 - SUBJECT ADDED ENTRY--TOPICAL TERM
Topical Term Organizational effectiveness.
Topical Term Decision making.
Topical Term Problem solving.
Topical Term Creative thinking.
Topical Term Puzzles.
700 1# - ADDED ENTRY--PERSONAL NAME
Personal name Markus, Lindsey,
Personal name Taylor, Pat,
856 40 - ELECTRONIC LOCATION AND ACCESS
Uniform Resource Identifier http://site.ebrary.com/lib/rucke/Doc?id=10044110

No items available.

© 2026 Rongo University
Contact us: librarian | system librarian | Rongo university